Teoría de la Constitución.

-д хадгалсан:
Номзүйн дэлгэрэнгүй
Үндсэн зохиолч: Schmitt, Carl, 1888-1985 (autor)
Формат: Ном
Хэл сонгох:испани
Хэвлэсэн: México, D.F., México: Nacional, 1966.
Нөхцлүүд:
Шошгууд: Шошго нэмэх
Шошго байхгүй, Энэхүү баримтыг шошголох эхний хүн болох!

MARC

LEADER 00000nam a2200000 a 4500
001 UCY1140
003 CL-VaPUC
005 20250327113711.0
008 940822e19660000MX |||||||||||||||||spa|d
999 |c 229928  |d 229926 
040 |c Pontificia Universidad Católica de Valparaíso 
082 0 4 |a 342 SCH 1966  |2 21 
100 |a Schmitt, Carl,  |d 1888-1985  |e autor  |9 258380 
245 1 0 |a Teoría de la Constitución. 
260 |a México, D.F., México:  |b Nacional,   |c 1966. 
300 |a XV, 457 páginas.  
500 |a c.2 Donación Familia Prof. Alejandro Guzmán Brito. 
583 |a last modification  |c 20161026 05:17:34  |k Rodrigo Vera 
650 0 |a Derecho constitucional   |9 222588 
650 0 |a Teoría del derecho  |9 255982 
942 |c BK  |2 ddc  |n 0 
945 |d 19940822 00:00:00  |a aalvarez 
952 |0 0  |1 0  |4 0  |6 342_000000000000000_SCH_1966  |7 0  |8 A  |9 231667  |a BIBDER  |b BIBDER  |d 2019-11-15  |i 3011070  |l 1  |o 342 SCH 1966  |p 3011070  |r 2024-08-29  |s 2024-08-22  |w 2019-11-15  |y BK  |k DER 
952 |0 0  |1 0  |2 ddc  |4 0  |6 342_000000000000000_SCH_1966  |7 1  |8 C_AGB  |9 580814  |a BIBDER  |b BIBDER  |d 2022-01-25  |e Donación   |i 5641578  |o 342 SCH 1966  |p 5641578  |r 2023-01-25  |t 2  |w 2022-01-25  |y BK_US  |k AGB